[Event "CCM10 - GRENKE Rapid WCh"]
[Site "Mainz"]
[Date "2010.08.07"]
[Round "1"]
[White "Ackermann, Rob LUX"]
[Black "Kamsky, G."]
[Result "0-1"]
[WhiteElo "2071"]
[BlackElo "2713"]
[PlyCount "52"]
[EventDate "2010.08.07"]
[EventCountry "GER"]

1. e4 c5 2. Nf3 e6 3. d4 cxd4 4. Nxd4 a6 5. Bd3 g6 6. O-O Bg7 7. c3 d6 8. Nd2
Nf6 9. N2f3 Nbd7 10. Re1 Qc7 11. h3 b6 12. Ne2 Bb7 13. Ng3 O-O 14. Bc2 Rad8 15.
Bf4 e5 16. Bg5 h6 17. Be3 d5 18. exd5 Nxd5 19. Qe2 Nxe3 20. Qxe3 f5 21. Bb3+
Kh7 22. Qe2 e4 23. Nh2 Nc5 24. Ngf1 Nd3 25. Red1 f4 26. f3 Qc5+ 0-1

[Event "CCM10 - GRENKE Rapid WCh"]
[Site "Mainz"]
[Date "2010.08.07"]
[Round "1"]
[White "Aronian, L."]
[Black "Gass, U."]
[Result "1-0"]
[WhiteElo "2783"]
[BlackElo "2133"]
[PlyCount "57"]
[EventDate "2010.08.07"]
[EventCountry "GER"]

1. d4 Nf6 2. c4 c5 3. Nf3 cxd4 4. Nxd4 e5 5. Nb5 Bb4+ 6. N1c3 d5 7. cxd5 O-O 8.
a3 Bc5 9. Na4 Bxf2+ 10. Kxf2 Ne4+ 11. Kg1 Bd7 12. Nac3 Bxb5 13. Nxe4 Qb6+ 14.
Nf2 f5 15. h4 Nd7 16. Rh3 Nf6 17. Bg5 Ne4 18. Be3 Qf6 19. Nxe4 fxe4 20. g3 Rad8
21. Qb3 Bd7 22. Bxa7 Bxh3 23. Bxh3 Qa6 24. Be6+ Kh8 25. Qe3 b6 26. Bxb6 Rb8 27.
Bc5 Rxb2 28. Bxf8 Rxe2 29. Bxg7+ 1-0

[Event "CCM10 - GRENKE Rapid WCh"]
[Site "Mainz"]
[Date "2010.08.07"]
[Round "1"]
[White "Bologan, V."]
[Black "Meyer, Friedr"]
[Result "1-0"]
[WhiteElo "2695"]
[BlackElo "2072"]
[PlyCount "65"]
[EventDate "2010.08.07"]
[EventCountry "GER"]

1. e4 c5 2. Nf3 d6 3. d4 cxd4 4. Nxd4 Nf6 5. Nc3 g6 6. Be3 Bg7 7. f3 a6 8. Qd2
b5 9. a4 b4 10. Nd5 Nxd5 11. exd5 Bb7 12. Bc4 Qc7 13. Qxb4 Nd7 14. a5 Rb8 15.
Qa4 O-O 16. O-O Nf6 17. Qa2 Rfc8 18. Bb3 Nd7 19. c4 Ne5 20. Rfc1 Nd3 21. Rd1
Nc5 22. Bc2 Ba8 23. Qa3 Qb7 24. Rab1 Qb4 25. Qxb4 Rxb4 26. b3 Kf8 27. Bf2 e5
28. dxe6 fxe6 29. Be1 Rbb8 30. b4 e5 31. bxc5 exd4 32. cxd6 Rxb1 33. Rxb1 1-0

[Event "CCM10 - GRENKE Rapid WCh"]
[Site "Mainz"]
[Date "2010.08.07"]
[Round "1"]
[White "Chladek, Vlastimil"]
[Black "Gashimov, V."]
[Result "0-1"]
[WhiteElo "2073"]
[BlackElo "2719"]
[PlyCount "52"]
[EventDate "2010.08.07"]
[EventCountry "GER"]

1. e4 c5 2. d4 cxd4 3. c3 dxc3 4. Nxc3 Nc6 5. Nf3 e6 6. Bc4 Nge7 7. O-O Ng6 8.
Qe2 Be7 9. Be3 O-O 10. Rfd1 a6 11. Rac1 b5 12. Bb3 Bb7 13. Nd4 Qb8 14. g3 Na5
15. f4 b4 16. Na4 Bxe4 17. h4 e5 18. h5 exd4 19. Rxd4 Nxb3 20. axb3 Bc6 21.
hxg6 hxg6 22. Rd2 Qb7 23. Qg4 f5 24. Qh3 Kf7 25. Rh2 Qb5 26. Rxc6 Qxc6 0-1

[Event "CCM10 - GRENKE Rapid WCh"]
[Site "Mainz"]
[Date "2010.08.07"]
[Round "1"]
[White "Faqiry, R."]
[Black "Karjakin, Sergey"]
[Result "0-1"]
[WhiteElo "1977"]
[BlackElo "2747"]
[PlyCount "96"]
[EventDate "2010.08.07"]
[EventCountry "GER"]

1. d4 d5 2. c4 c6 3. Nc3 Nf6 4. cxd5 cxd5 5. Nf3 Nc6 6. e3 Bg4 7. Be2 e6 8. O-O
Bd6 9. h3 Bh5 10. a3 O-O 11. b4 Rc8 12. Bb2 Bb8 13. Nd2 Bg6 14. Nf3 Qd6 15. Nb5
Qe7 16. Nc3 a6 17. g3 Qd6 18. b5 axb5 19. Nxb5 Qd7 20. Ne5 Nxe5 21. dxe5 Ne4
22. a4 f6 23. exf6 Nxf6 24. Rc1 Rxc1 25. Qxc1 e5 26. Kg2 Be4+ 27. f3 Rc8 28.
Qa1 Rc2 29. Rf2 Rxe2 30. Rxe2 Bxf3+ 31. Kxf3 Qxh3 32. Bxe5 Qh5+ 33. Kf2 Ne4+
34. Kg1 Bxe5 35. Qa2 Bxg3 36. Qc2 Qg4 37. Rg2 h5 38. Nd4 Bf2+ 39. Kf1 Qh3 40.
Qxf2 Nxf2 41. Kxf2 h4 42. Ne2 Qf5+ 43. Kg1 h3 44. Rf2 Qe5 45. Rf3 Qh5 46. Nd4
Qg4+ 47. Kf1 Qg2+ 48. Ke1 h2 0-1

[Event "CCM10 - GRENKE Rapid WCh"]
[Site "Mainz"]
[Date "2010.08.07"]
[Round "1"]
[White "Freise, E."]
[Black "Grischuk, A."]
[Result "0-1"]
[WhiteElo "2032"]
[BlackElo "2760"]
[PlyCount "58"]
[EventDate "2010.08.07"]
[EventCountry "GER"]

1. d4 Nf6 2. c4 g6 3. Nc3 d5 4. Bg5 Ne4 5. Bh4 Nxc3 6. bxc3 dxc4 7. Qa4+ Qd7 8.
Qxc4 b6 9. Bg3 Nc6 10. d5 Na5 11. Qd4 Rg8 12. e4 Bg7 13. e5 Bb7 14. Rd1 O-O-O
15. Qb4 e6 16. d6 Nc6 17. Qb5 Nxe5 18. Qxd7+ Rxd7 19. dxc7 Rxc7 20. f4 Ng4 21.
Ne2 Ne3 22. Rc1 Nxg2+ 23. Bxg2 Bxg2 24. Rg1 Bd5 25. a4 Rc5 26. Kd2 Kb7 27. Nd4
Rd8 28. Bf2 Bc6 29. a5 Rxa5 0-1

[Event "CCM10 - GRENKE Rapid WCh"]
[Site "Mainz"]
[Date "2010.08.07"]
[Round "1"]
[White "Movsesian, S."]
[Black "Neiss, JM."]
[Result "1-0"]
[WhiteElo "2723"]
[BlackElo "2075"]
[PlyCount "67"]
[EventDate "2010.08.07"]
[EventCountry "GER"]

1. e4 c6 2. d4 d5 3. e5 c5 4. dxc5 Nc6 5. Nf3 Bg4 6. Bb5 e6 7. Be3 Qa5+ 8. Nc3
O-O-O 9. Bxc6 bxc6 10. h3 Bh5 11. a3 Ne7 12. g4 Bg6 13. Qd2 h5 14. O-O-O hxg4
15. hxg4 Rxh1 16. Rxh1 d4 17. Bxd4 Nd5 18. Nxd5 Qxd2+ 19. Kxd2 Rxd5 20. Rh8 Rd8
21. c3 Kc7 22. b4 a5 23. Ke3 axb4 24. cxb4 Ra8 25. a4 Kd7 26. a5 Ke8 27. Bc3
Ke7 28. Nd4 Kd7 29. f4 Bb1 30. Rh2 f6 31. f5 exf5 32. e6+ Kc7 33. gxf5 Rd8 34.
Rb2 1-0

[Event "CCM10 - GRENKE Rapid WCh"]
[Site "Mainz"]
[Date "2010.08.07"]
[Round "1"]
[White "Schneider, HansJ"]
[Black "Naiditsch, A."]
[Result "0-1"]
[WhiteElo "2070"]
[BlackElo "2684"]
[PlyCount "79"]
[EventDate "2010.08.07"]
[EventCountry "GER"]

1. d4 Nf6 2. c4 e6 3. Nf3 Bb4+ 4. Bd2 c5 5. e3 O-O 6. Be2 b6 7. O-O Bb7 8. Bxb4
cxb4 9. a3 Qe7 10. axb4 Qxb4 11. Qd2 Nc6 12. Rc1 Qe7 13. Nc3 Na5 14. Qc2 Rfc8
15. c5 d6 16. cxd6 Qxd6 17. Ne5 Nd5 18. Qa4 Nxc3 19. bxc3 f6 20. Nf3 Nc6 21. c4
Nb4 22. Rc3 a5 23. Rac1 Qc6 24. Qxc6 Rxc6 25. Rb1 Rac8 26. e4 Ba6 27. Nd2 Rd8
28. Nf3 g5 29. h3 h5 30. Rd1 Kg7 31. g4 hxg4 32. hxg4 Rc7 33. Bf1 Bb7 34. Re3
e5 35. d5 Bc8 36. Nh2 Ba6 37. Rc3 Rdc8 38. Nf3 Rd8 39. Ne1 Bc8 40. f3 0-1

[Event "CCM10 - GRENKE Rapid WCh"]
[Site "Mainz"]
[Date "2010.08.07"]
[Round "1"]
[White "Shirov, A."]
[Black "Kraft, W."]
[Result "1-0"]
[WhiteElo "2749"]
[BlackElo "2134"]
[PlyCount "53"]
[EventDate "2010.08.07"]
[EventCountry "GER"]

1. d4 Nf6 2. c4 g6 3. Nc3 Bg7 4. e4 d6 5. Be2 O-O 6. Nf3 e5 7. Be3 Na6 8. d5
Bd7 9. Nd2 Ne8 10. g4 f5 11. gxf5 gxf5 12. exf5 Bxf5 13. Nde4 Kh8 14. Ng3 Qh4
15. Nxf5 Rxf5 16. Bg4 Rf8 17. Qe2 Nf6 18. h3 Nc5 19. Bxc5 dxc5 20. O-O-O Rae8
21. f3 b6 22. Kb1 Qg3 23. Rhg1 Qf4 24. Be6 Nh5 25. Ne4 Qxf3 26. Qxf3 Rxf3 27.
Bg4 1-0

[Event "CCM10 - GRENKE Rapid WCh"]
[Site "Mainz"]
[Date "2010.08.07"]
[Round "2"]
[White "Bouaraba, M."]
[Black "Kasimdzhanov, R."]
[Result "0-1"]
[WhiteElo "2224"]
[BlackElo "2699"]
[PlyCount "80"]
[EventDate "2010.08.07"]
[EventCountry "GER"]

1. d4 Nf6 2. Nf3 e6 3. g3 b5 4. a4 b4 5. c4 bxc3 6. Nxc3 Bb7 7. Bg2 Be7 8. O-O
O-O 9. Bf4 Na6 10. Ne5 Bxg2 11. Kxg2 Nb4 12. Rc1 c6 13. Nd3 Qa5 14. Nxb4 Qxb4
15. Qd3 Rfc8 16. e4 d5 17. e5 Nd7 18. Bd2 Qb7 19. h4 a6 20. Bg5 Bf8 21. f4 c5
22. f5 cxd4 23. Qxd4 Rc4 24. Qd3 d4+ 25. Qe4 Rb8 26. Qxb7 Rxb7 27. fxe6 fxe6
28. Ne2 Nxe5 29. Rxc4 Nxc4 30. Nxd4 Rxb2+ 31. Kh3 e5 32. Ne6 Bd6 33. Rc1 Rb4
34. a5 Kf7 35. Nd8+ Ke8 36. Nc6 Ra4 37. Rb1 h6 38. Bc1 Kd7 39. Nb8+ Ke6 40. Kg4
Nd2+ 0-1

[Event "CCM10 - GRENKE Rapid WCh"]
[Site "Mainz"]
[Date "2010.08.07"]
[Round "2"]
[White "Gashimov, V."]
[Black "Stickler, R."]
[Result "1-0"]
[WhiteElo "2719"]
[BlackElo "2227"]
[PlyCount "69"]
[EventDate "2010.08.07"]
[EventCountry "GER"]

1. e4 c6 2. Ne2 d5 3. e5 c5 4. d4 Nc6 5. c3 h5 6. Nf4 cxd4 7. cxd4 e6 8. Nc3
Nge7 9. Bb5 Bd7 10. O-O Qb6 11. Be3 g6 12. Qd2 Nf5 13. Nfxd5 exd5 14. Nxd5 Nxe3
15. fxe3 Qa5 16. Nf6+ Kd8 17. Qxa5+ Nxa5 18. Nxd7 Ke7 19. Nxf8 Rhxf8 20. Rac1
Rac8 21. b4 Nc6 22. a3 Rfd8 23. Bc4 Rf8 24. Bb3 f5 25. exf6+ Rxf6 26. Rxf6 Kxf6
27. b5 Ne7 28. Rxc8 Nxc8 29. Bd5 b6 30. Kf2 Ne7 31. Bc4 Nc8 32. e4 Kg5 33. Ke3
h4 34. e5 Ne7 35. Be6 1-0

[Event "CCM10 - GRENKE Rapid WCh"]
[Site "Mainz"]
[Date "2010.08.07"]
[Round "2"]
[White "Grischuk, A."]
[Black "Barthel, A."]
[Result "1-0"]
[WhiteElo "2760"]
[BlackElo "2230"]
[PlyCount "49"]
[EventDate "2010.08.07"]
[EventCountry "GER"]

1. d4 Nf6 2. Nf3 g6 3. c4 Bg7 4. Nc3 O-O 5. e4 d6 6. Be2 Bg4 7. Be3 Nfd7 8. O-O
Nc6 9. d5 Bxf3 10. gxf3 Na5 11. Rc1 c5 12. Kh1 f5 13. f4 Nf6 14. exf5 gxf5 15.
Rg1 Kh8 16. Bd3 Qd7 17. Qf3 e6 18. Qh3 exd5 19. Bxf5 Qf7 20. Nxd5 h6 21. Rxg7
Qxg7 22. Rg1 Nxc4 23. Rxg7 Kxg7 24. Qg2+ Kh8 25. Qg6 1-0

[Event "CCM10 - GRENKE Rapid WCh"]
[Site "Mainz"]
[Date "2010.08.07"]
[Round "2"]
[White "Kamsky, G."]
[Black "Schulze, A."]
[Result "1-0"]
[WhiteElo "2713"]
[BlackElo "2226"]
[PlyCount "91"]
[EventDate "2010.08.07"]
[EventCountry "GER"]

1. e4 Nf6 2. e5 Nd5 3. d4 d6 4. c4 Nb6 5. exd6 cxd6 6. Nc3 g6 7. Bd3 Bg7 8.
Nge2 O-O 9. Be3 Nc6 10. O-O Bg4 11. f3 Bf5 12. b3 Bxd3 13. Qxd3 d5 14. c5 Nc8
15. Rab1 e6 16. b4 a6 17. Rfd1 N8e7 18. Ng3 f5 19. Nce2 Qd7 20. Qd2 Kh8 21. Bh6
Bxh6 22. Qxh6 Ng8 23. Qg5 Rf6 24. a4 h6 25. Qd2 g5 26. Nh1 Rff8 27. Nf2 f4 28.
Nd3 Nge7 29. b5 axb5 30. axb5 Na5 31. Ne5 Qe8 32. Nc3 Nf5 33. Re1 Ne3 34. Rxe3
fxe3 35. Qxe3 Nc4 36. Nxc4 dxc4 37. Qe5+ Kg8 38. Ne4 Qg6 39. h3 Qg7 40. Qxe6+
Kh8 41. Qxc4 h5 42. Qd5 Rfd8 43. Nd6 Rf8 44. Re1 Ra4 45. Re5 h4 46. Kh2 1-0

[Event "CCM10 - GRENKE Rapid WCh"]
[Site "Mainz"]
[Date "2010.08.07"]
[Round "2"]
[White "Karjakin, Sergey"]
[Black "Lorenz, Rog"]
[Result "1-0"]
[WhiteElo "2747"]
[BlackElo "2229"]
[PlyCount "61"]
[EventDate "2010.08.07"]
[EventCountry "GER"]

1. e4 e6 2. d4 d5 3. Nc3 dxe4 4. Nxe4 Bd7 5. Nf3 Bc6 6. Bd3 Nd7 7. O-O Ngf6 8.
Ng3 Bxf3 9. Qxf3 c6 10. Re1 Be7 11. b3 O-O 12. Bb2 Re8 13. c4 a5 14. a3 Bf8 15.
h4 Qc7 16. h5 h6 17. Ne4 Nxe4 18. Rxe4 Nf6 19. Re2 Rad8 20. Rae1 Bd6 21. d5 e5
22. c5 Bxc5 23. Bxe5 Rxe5 24. Rxe5 cxd5 25. Rf5 Qd6 26. a4 b6 27. g3 Rf8 28.
Kg2 Rd8 29. Bb1 Rf8 30. Qd3 Rd8 31. Rxf6 1-0

[Event "CCM10 - GRENKE Rapid WCh"]
[Site "Mainz"]
[Date "2010.08.07"]
[Round "2"]
[White "Kirschbaum, G."]
[Black "Aronian, L."]
[Result "0-1"]
[WhiteElo "2230"]
[BlackElo "2783"]
[PlyCount "46"]
[EventDate "2010.08.07"]
[EventCountry "GER"]

1. d4 Nf6 2. c4 g6 3. Nc3 Bg7 4. e4 O-O 5. f4 d6 6. Nf3 c5 7. d5 e6 8. Be2 exd5
9. cxd5 b5 10. e5 dxe5 11. fxe5 Ng4 12. Bf4 Nd7 13. e6 Nb6 14. Ng5 fxe6 15.
Bxg4 Rxf4 16. Bxe6+ Kh8 17. h4 Bxe6 18. Nxe6 Rxh4 19. O-O Qd6 20. Rf7 Bd4+ 21.
Nxd4 cxd4 22. Nxb5 Qxd5 23. Qf1 Kg8 0-1

[Event "CCM10 - GRENKE Rapid WCh"]
[Site "Mainz"]
[Date "2010.08.07"]
[Round "2"]
[White "Naiditsch, A."]
[Black "Weidel, A."]
[Result "1-0"]
[WhiteElo "2684"]
[BlackElo "2225"]
[PlyCount "81"]
[EventDate "2010.08.07"]
[EventCountry "GER"]

1. e4 e6 2. d4 d5 3. Nc3 Nf6 4. Bg5 Be7 5. e5 Nfd7 6. Bxe7 Qxe7 7. f4 a6 8. Qd2
c5 9. Nf3 Nc6 10. g3 O-O 11. Bg2 b5 12. a3 Bb7 13. Ne2 cxd4 14. Nfxd4 Nxd4 15.
Nxd4 f6 16. exf6 Qxf6 17. O-O Nc5 18. Qe3 Ne4 19. c3 Rae8 20. Nf3 Nd6 21. Ne5
Nc4 22. Nxc4 bxc4 23. Rae1 Re7 24. Qc5 Rc8 25. Qf2 Rd8 26. Re5 h6 27. Rfe1 Rd6
28. Qc5 Rc6 29. Qb4 Rcc7 30. f5 a5 31. Qb6 Bc8 32. fxe6 Bb7 33. Bxd5 Bxd5 34.
Rxd5 Rb7 35. Qe3 Rxb2 36. Rd8+ Kh7 37. Qe4+ g6 38. Rf1 Qxc3 39. Rd7 Rxd7 40.
exd7 Rd2 41. Rf7+ 1-0

[Event "CCM10 - GRENKE Rapid WCh"]
[Site "Mainz"]
[Date "2010.08.07"]
[Round "2"]
[White "Schwierskott, M."]
[Black "Shirov, A."]
[Result "0-1"]
[WhiteElo "2228"]
[BlackElo "2749"]
[PlyCount "114"]
[EventDate "2010.08.07"]
[EventCountry "GER"]

1. c4 e5 2. Nc3 Bb4 3. Qc2 Bxc3 4. Qxc3 d6 5. Nf3 f5 6. d4 e4 7. Bg5 Ne7 8. Nd2
h6 9. Bxe7 Qxe7 10. e3 c5 11. Be2 Nc6 12. Bh5+ Kd8 13. dxc5 dxc5 14. O-O-O Kc7
15. f3 Rd8 16. fxe4 Nb4 17. Kb1 Rd3 18. Qc1 Rxe3 19. a3 Nc6 20. Rhe1 f4 21. Bf3
Rxe1 22. Rxe1 Ne5 23. Qc3 b6 24. Rd1 Bb7 25. Nb3 g5 26. h3 Rd8 27. Rd2 Rxd2 28.
Nxd2 Qd6 29. b4 Bc8 30. Nb3 Be6 31. bxc5 bxc5 32. Qa5+ Qb6 33. Qxc5+ Qxc5 34.
Nxc5 Bxc4 35. Kc2 Kc6 36. Nb3 Bf1 37. Nd4+ Kc5 38. Kc3 Nxf3 39. gxf3 Bxh3 40.
Nb3+ Kd6 41. Kd4 h5 42. e5+ Ke7 43. Ke4 Be6 44. Nd2 h4 45. Nf1 Kd7 46. Nh2 h3
47. Nf1 Kc6 48. Nh2 Kc5 49. Nf1 Kc4 50. Nh2 a5 51. Nf1 a4 52. Nh2 Kb3 53. Kd4
Kxa3 54. Kc3 Ka2 55. Kc2 a3 56. Kc1 Kb3 57. Kb1 Kc3 0-1

[Event "CCM10 - GRENKE Rapid WCh"]
[Site "Mainz"]
[Date "2010.08.07"]
[Round "2"]
[White "Wenner, T."]
[Black "Movsesian, S."]
[Result "0-1"]
[WhiteElo "2226"]
[BlackElo "2723"]
[PlyCount "74"]
[EventDate "2010.08.07"]
[EventCountry "GER"]

1. Nf3 Nf6 2. c4 g6 3. d4 Bg7 4. Nc3 O-O 5. g3 d6 6. Bg2 c6 7. O-O Qa5 8. Re1
e5 9. h3 e4 10. Nd2 d5 11. e3 h5 12. Rb1 Bf5 13. b4 Qd8 14. b5 Nbd7 15. a4 Re8
16. Ba3 a6 17. Bd6 axb5 18. axb5 Re6 19. c5 Ne8 20. g4 hxg4 21. hxg4 Nxd6 22.
cxd6 Qh4 23. gxf5 gxf5 24. bxc6 bxc6 25. Ne2 Bf8 26. Nf1 Bxd6 27. Rb7 Nf6 28.
Qd2 Ng4 29. Nf4 Rh6 30. Ng3 Bxf4 31. Nxf5 Qh2+ 32. Kf1 Rf6 33. Ne7+ Kg7 34.
exf4 Rxf4 35. Rb2 Qg3 36. Nxc6 Nh2+ 37. Ke2 Rxf2+ 0-1

[Event "CCM10 - GRENKE Rapid WCh"]
[Site "Mainz"]
[Date "2010.08.07"]
[Round "3"]
[White "Aronian, L."]
[Black "Bargan, Se"]
[Result "1-0"]
[WhiteElo "2783"]
[BlackElo "2331"]
[PlyCount "67"]
[EventDate "2010.08.07"]
[EventCountry "GER"]

1. d4 d6 2. Nf3 Bg4 3. c4 c6 4. Nc3 Nd7 5. g3 e5 6. Bg2 Ngf6 7. O-O Be7 8. Nh4
O-O 9. h3 Bh5 10. Nf5 Re8 11. Nxe7+ Qxe7 12. b3 Rad8 13. d5 cxd5 14. Nxd5 Nxd5
15. Bxd5 Nc5 16. Qd2 b6 17. Bb2 Kh8 18. Rad1 Rf8 19. Bg2 f5 20. f4 exf4 21.
Qxf4 Ne4 22. g4 Bg6 23. Bxe4 fxe4 24. Qg3 Rxf1+ 25. Rxf1 d5 26. cxd5 Qc5+ 27.
e3 h6 28. Qf4 Kh7 29. Bxg7 Kxg7 30. Qf6+ Kh7 31. Qxd8 Qxe3+ 32. Kg2 Qc5 33. d6
Qe5 34. Qe7+ 1-0

[Event "CCM10 - GRENKE Rapid WCh"]
[Site "Mainz"]
[Date "2010.08.07"]
[Round "3"]
[White "Asendorf, J."]
[Black "Grischuk, A."]
[Result "0-1"]
[WhiteElo "2323"]
[BlackElo "2760"]
[PlyCount "82"]
[EventDate "2010.08.07"]
[EventCountry "GER"]

1. c4 Nf6 2. Nc3 e5 3. g3 Bb4 4. Bg2 O-O 5. e4 Bxc3 6. dxc3 d6 7. Ne2 a6 8. a4
a5 9. h3 Nbd7 10. Be3 b6 11. g4 Nc5 12. Ng3 Bb7 13. Qc2 Nfd7 14. h4 Kh8 15.
O-O-O Qe8 16. b3 Ne6 17. Ne2 Ndc5 18. f3 Rd8 19. g5 f6 20. Rh3 Qf7 21. gxf6
gxf6 22. Ng3 Nf4 23. Bxf4 exf4 24. Nf5 Bc8 25. Kb2 Rde8 26. Rh2 Bxf5 27. exf5
Re3 28. Rd4 Rfe8 29. Bh1 Qe7 30. Ka2 Re2 31. Rxe2 Qxe2 32. Rd2 Qe1 33. Rh2 Rg8
34. Qd2 Rg1 35. Qxe1 Rxe1 36. h5 h6 37. Kb2 Nd3+ 38. Kc2 Ne5 39. Kd2 Ra1 40.
Bg2 Ra2+ 41. Kd1 Kg7 0-1

[Event "CCM10 - GRENKE Rapid WCh"]
[Site "Mainz"]
[Date "2010.08.07"]
[Round "3"]
[White "Berend, E."]
[Black "Naiditsch, A."]
[Result "1-0"]
[WhiteElo "2307"]
[BlackElo "2684"]
[Annotator "Mike Rosa"]
[PlyCount "83"]
[EventDate "2010.08.07"]
[EventCountry "GER"]

1. e4 c5 2. Nf3 e6 3. d4 cxd4 4. Nxd4 a6 5. Bd3 Bc5 6. Nb3 Ba7 7. O-O Ne7 8.
Qe2 Nbc6 9. Be3 e5 10. Bxa7 Rxa7 11. Nc3 d6 12. Rad1 b5 13. a4 b4 14. Nd5 O-O
15. Bc4 Ng6 16. Qe3 Be6 17. Rd2 Qb8 18. Rfd1 Rd8 19. Qb6 Bxd5 20. Qxb8 Nxb8 21.
Rxd5 Rad7 22. g3 Kf8 23. Be2 Ke7 24. Na5 Nf8 25. Nc4 Ne6 26. R5d2 Nd4 27. Nb6
Nxe2+ 28. Rxe2 Rb7 29. Nd5+ Ke8 30. Red2 Nc6 31. Kg2 g6 32. Ne3 Ke7 33. Nc4 Nd4
34. c3 Nb3 35. Nxd6 Rbb8 36. Rd5 bxc3 37. bxc3 {Naiditsch hatte lange und
vergeblich aus der Eröffnung heraus um Ausgleich gekämpft. Mittlerweile stand
er mit einem Minusbauern dar und musste auf ein Wunder hoffen. Dies blieb
allerdings aus. Nach} Ke6 $6 38. Nc4 (38. Rxe5+ $1 Kxe5 39. Nxf7+ $18) 38...
Rxd5 39. exd5+ $1 {stand Schwarz glatt auf Verlust.} ({Mit} 39. Rxd5 $2 {hätte
Weiß auch fehlgreifen können, denn nach} Rc8 40. Nxe5 Rxc3 $16 {hätte der Sieg
doch noch in Frage gestanden.}) 39... Kf6 40. Rb1 $1 {Diese tödliche Fesselung
entscheidet.} Rc8 {Vielleicht hatte sich Naiditsch auf diesen Zug verlassen.
Dann dürfte ihn} 41. Nd6 $1 $18 {wie der Blitz aus heiterem Himmel getroffen
haben, denn das Schlagen auf c3 verbietet sich wegen der Springergabel auf e4.
Es folgte noch} Nd2 {, doch nach} 42. Rb6 {reichte es dem Deutschen endgültig.}
1-0

[Event "CCM10 - GRENKE Rapid WCh"]
[Site "Mainz"]
[Date "2010.08.07"]
[Round "3"]
[White "Bologan, V."]
[Black "Schramm, C."]
[Result "1-0"]
[WhiteElo "2695"]
[BlackElo "2322"]
[PlyCount "89"]
[EventDate "2010.08.07"]
[EventCountry "GER"]

1. e4 e6 2. d4 d5 3. Nc3 Nc6 4. Nf3 Nf6 5. e5 Ne4 6. Bd3 Bb4 7. Bd2 Nxd2 8.
Qxd2 f6 9. a3 Be7 10. Bb5 Bd7 11. exf6 Bxf6 12. O-O O-O 13. Rfe1 g6 14. Bxc6
bxc6 15. Na4 Qe7 16. Nc5 Qd6 17. Re2 Rae8 18. Rae1 Bc8 19. Ne5 Bg7 20. g3 Bxe5
21. Rxe5 Rf3 22. R1e3 Ref8 23. Rxf3 Rxf3 24. Kg2 Rf5 25. Rxf5 exf5 26. Qe3 Kf7
27. Qe5 Qxe5 28. dxe5 Ke7 29. f4 Be6 30. Nxe6 Kxe6 31. b4 d4 32. Kf2 Kd5 33.
Ke2 c5 34. bxc5 Kxc5 35. c3 dxc3 36. Kd3 Kd5 37. Kxc3 Kc5 38. Kd2 Kd5 39. Kd3
Kc5 40. Kc3 a5 41. Kb3 Kb5 42. e6 Kc6 43. Ka4 Kd6 44. Kxa5 Kxe6 45. Kb5 1-0

[Event "CCM10 - GRENKE Rapid WCh"]
[Site "Mainz"]
[Date "2010.08.07"]
[Round "3"]
[White "Holmsgaard, H."]
[Black "Gashimov, V."]
[Result "0-1"]
[WhiteElo "2320"]
[BlackElo "2719"]
[PlyCount "58"]
[EventDate "2010.08.07"]
[EventCountry "GER"]

1. e4 c5 2. c3 g6 3. d4 cxd4 4. cxd4 d5 5. exd5 Nf6 6. Nc3 Bg7 7. Bc4 O-O 8.
Nf3 Nbd7 9. d6 exd6 10. O-O Nb6 11. Bb3 Be6 12. d5 Bg4 13. h3 Bxf3 14. Qxf3
Nfd7 15. Bf4 Ne5 16. Qg3 Nbd7 17. Ne4 Qb6 18. Rad1 a5 19. Be3 Qa6 20. Bd4 a4
21. Bc2 Rac8 22. Bb1 Rc4 23. Qe3 Re8 24. f4 Rxd4 25. Rxd4 Nc4 26. Qd3 Nxb2 27.
Qxa6 Bxd4+ 28. Kh2 bxa6 29. Nxd6 Re2 0-1

[Event "CCM10 - GRENKE Rapid WCh"]
[Site "Mainz"]
[Date "2010.08.07"]
[Round "3"]
[White "Kovac, B."]
[Black "Kamsky, G."]
[Result "0-1"]
[WhiteElo "2312"]
[BlackElo "2713"]
[PlyCount "64"]
[EventDate "2010.08.07"]
[EventCountry "GER"]

1. e4 c5 2. Nf3 e6 3. d4 cxd4 4. Nxd4 a6 5. c4 Nf6 6. Bd3 d6 7. Nc3 g6 8. O-O
Bg7 9. Be3 O-O 10. f4 Nbd7 11. Qe2 Re8 12. Nb3 b6 13. Rad1 Qc7 14. h3 Bb7 15.
Qf2 Rac8 16. Rfe1 Ba8 17. Nd2 Qb8 18. Rc1 Nc5 19. Bb1 b5 20. b4 Ncd7 21. cxb5
axb5 22. Bd3 Ng4 23. hxg4 Rxc3 24. Rxc3 Bxc3 25. Rb1 Nf6 26. Qe2 d5 27. Bxb5
Rd8 28. e5 d4 29. Bf2 Bxd2 30. Bh4 Be3+ 31. Kh1 Ne4 32. Bd3 Rc8 0-1

[Event "CCM10 - GRENKE Rapid WCh"]
[Site "Mainz"]
[Date "2010.08.07"]
[Round "3"]
[White "Movsesian, S."]
[Black "Luetke, J."]
[Result "1-0"]
[WhiteElo "2723"]
[BlackElo "2323"]
[PlyCount "45"]
[EventDate "2010.08.07"]
[EventCountry "GER"]

1. e4 e5 2. Nf3 Nc6 3. Bb5 a6 4. Ba4 Nf6 5. d3 b5 6. Bb3 Bc5 7. a4 Rb8 8. axb5
axb5 9. O-O O-O 10. c3 d6 11. h3 h6 12. d4 Bb6 13. Be3 b4 14. Nbd2 d5 15. exd5
Nxd5 16. Bxd5 exd4 17. Bxc6 dxe3 18. fxe3 bxc3 19. bxc3 Qd6 20. Be4 Bxe3+ 21.
Kh1 f5 22. Bc2 Rb2 23. Nc4 1-0

[Event "CCM10 - GRENKE Rapid WCh"]
[Site "Mainz"]
[Date "2010.08.07"]
[Round "3"]
[White "Shirov, A."]
[Black "Raupp, T."]
[Result "1-0"]
[WhiteElo "2749"]
[BlackElo "2325"]
[PlyCount "101"]
[EventDate "2010.08.07"]
[EventCountry "GER"]

1. e4 c5 2. Nf3 Nc6 3. d4 cxd4 4. Nxd4 d5 5. exd5 Qxd5 6. Nb5 Qxd1+ 7. Kxd1
Bg4+ 8. f3 O-O-O+ 9. Ke1 Bf5 10. Be3 Kb8 11. c3 Nf6 12. Nd2 Nd5 13. Bf2 e5 14.
a4 Be7 15. g3 Rhe8 16. Bc4 Be6 17. Ne4 Nf4 18. Bxe6 Nxe6 19. Ke2 f5 20. Nd2 Bc5
21. Nb3 Bxf2 22. Kxf2 Rd5 23. Rhd1 Red8 24. Rxd5 Rxd5 25. Ke2 a6 26. Na3 b5 27.
axb5 axb5 28. Nc2 g6 29. Na5 Nxa5 30. Rxa5 Nc7 31. Nb4 Rd6 32. Nd3 Rd5 33. g4
Kb7 34. Ra1 Ne6 35. gxf5 gxf5 36. Rg1 e4 37. Nb4 exf3+ 38. Kxf3 Rd2 39. Re1 Nc7
40. Re7 Kb6 41. Rxh7 Rxb2 42. Kf4 Rf2+ 43. Ke3 Rb2 44. h4 Rh2 45. h5 Rh3+ 46.
Kd4 Ne6+ 47. Ke5 Nc5 48. Kxf5 Na4 49. Nd5+ Kc5 50. Ke5 Nxc3 51. Rc7# 1-0

[Event "CCM10 - GRENKE Rapid WCh"]
[Site "Mainz"]
[Date "2010.08.07"]
[Round "3"]
[White "Sieglen, J."]
[Black "Karjakin, Sergey"]
[Result "0-1"]
[WhiteElo "2323"]
[BlackElo "2747"]
[PlyCount "58"]
[EventDate "2010.08.07"]
[EventCountry "GER"]

1. d4 d5 2. c4 c6 3. Nf3 Nf6 4. Nc3 a6 5. a4 e6 6. Bg5 Nbd7 7. a5 h6 8. Bxf6
Nxf6 9. e3 Bd6 10. Be2 c5 11. cxd5 exd5 12. O-O O-O 13. dxc5 Bxc5 14. Nd4 Qd6
15. Bf3 Rd8 16. Qb3 Rb8 17. Na4 Ba7 18. Qa3 Qe5 19. Nc5 Ne4 20. b4 Rd6 21. Rfd1
b6 22. axb6 Bxb6 23. Rac1 Rf6 24. Nd3 Qe8 25. Nf4 Bb7 26. Qb3 Qe5 27. b5 axb5
28. Qxb5 Bxd4 29. Rxd4 Rxf4 0-1

[Event "CCM10 - GRENKE Rapid WCh"]
[Site "Mainz"]
[Date "2010.08.07"]
[Round "4"]
[White "Del Rio de Angelis, S."]
[Black "Aronian, L."]
[Result "0-1"]
[WhiteElo "2521"]
[BlackElo "2783"]
[PlyCount "89"]
[EventDate "2010.08.07"]
[EventCountry "GER"]

1. d4 d5 2. c4 c6 3. Nf3 Nf6 4. Nc3 dxc4 5. a4 Bf5 6. e3 e6 7. Bxc4 Bb4 8. O-O
Nbd7 9. Qe2 O-O 10. e4 Bg6 11. e5 Nd5 12. Bd2 Ne7 13. Rfd1 Nb6 14. Bb3 a5 15.
Ne4 Bxd2 16. Rxd2 Nbd5 17. Bc2 Nf5 18. Ra3 Qe7 19. Ng3 Rad8 20. Nxf5 Bxf5 21.
Bxf5 exf5 22. Qc4 Rd7 23. Qc2 g6 24. Rd1 Rfd8 25. Qd2 Qb4 26. Qxb4 Nxb4 27. Rc1
Na6 28. h4 Nc7 29. Rb3 Ne6 30. g3 h6 31. Rb6 g5 32. hxg5 hxg5 33. b4 g4 34. Nh4
Nxd4 35. Kg2 Re8 36. Rc5 axb4 37. Rxb4 Ne6 38. Rc3 Ng7 39. Rcb3 Ree7 40. a5 Kf8
41. f3 Rxe5 42. fxg4 fxg4 43. Rxg4 Rxa5 44. Rf4 Ne6 45. Rf2 0-1